5th & 6th grade smart pages / (Record no. 2600)

MARC details
000 -LEADER
fixed length control field 01098nam a2200349 a 4500
001 - CONTROL NUMBER
control field 131141
003 - CONTROL NUMBER IDENTIFIER
control field GBCCL
005 - DATE AND TIME OF LATEST TRANSACTION
control field 20241126110433.0
008 - FIXED-LENGTH DATA ELEMENTS--GENERAL INFORMATION
fixed length control field 970610s1996 caua 001 0 eng d
020 ## - INTERNATIONAL STANDARD BOOK NUMBER
International Standard Book Number 0830718052
020 ## - INTERNATIONAL STANDARD BOOK NUMBER
International Standard Book Number 9780830718054
035 ## - SYSTEM CONTROL NUMBER
System control number (OCoLC)ocm37042501
035 ## - SYSTEM CONTROL NUMBER
System control number (OCoLC)37042501
040 ## - CATALOGING SOURCE
Original cataloging agency MNY
Transcribing agency MNY
Modifying agency BAKER
-- LBB
049 ## -
-- LBBP
082 ## - DEWEY DECIMAL CLASSIFICATION NUMBER
Classification number 268.432
-- 259.22
Item number HAY
092 ## - LOCALLY ASSIGNED DEWEY CALL NUMBER (OCLC)
Classification number 259.22
Item number H42
100 1# - MAIN ENTRY--PERSONAL NAME
Personal name Haystead, Wes.
9 (RLIN) 5462
245 10 - TITLE STATEMENT
Title 5th & 6th grade smart pages /
Statement of responsibility, etc. Wes Haystead amd Tom Prinz.
246 3# -
-- Fifth and sixth grade smart pages.
246 3# -
-- 5th and 6th grade smart pages.
246 1# -
-- At head of title:
-- For Christian education directors, teachers and leaders.
260 ## - PUBLICATION, DISTRIBUTION, ETC.
Place of publication, distribution, etc. [Ventura, CA] :
Name of publisher, distributor, etc. Gospel Light,
Date of publication, distribution, etc. 1996.
300 ## - PHYSICAL DESCRIPTION
Extent 159 p. :
Other physical details ill. ;
Dimensions 28 cm.
500 ## - GENERAL NOTE
General note Includes index.
650 #0 - SUBJECT ADDED ENTRY--TOPICAL TERM
Topical term or geographic name entry element Church work with youth.
9 (RLIN) 5463
650 #0 - SUBJECT ADDED ENTRY--TOPICAL TERM
Topical term or geographic name entry element Games in Christian education.
9 (RLIN) 5459
650 #0 - SUBJECT ADDED ENTRY--TOPICAL TERM
Topical term or geographic name entry element Parenting.
9 (RLIN) 4279
650 #0 - SUBJECT ADDED ENTRY--TOPICAL TERM
Topical term or geographic name entry element Christian education
General subdivision Teacher training.
9 (RLIN) 5464
700 1# - ADDED ENTRY--PERSONAL NAME
Personal name Prinz, Tom.
9 (RLIN) 5465
942 ## - ADDED ENTRY ELEMENTS (KOHA)
Source of classification or shelving scheme Dewey Decimal Classification
Koha item type Books
Holdings
Withdrawn status Lost status Source of classification or shelving scheme Damaged status Not for loan Home library Current Library Shelving location Date acquired Total checkouts Full call number Barcode Date last seen Copy number Price effective from Koha item type
    Dewey Decimal Classification     GRACE BIBLE COLLEGE GRACE BIBLE COLLEGE Ministry & Mission 2017-09-06   268.432 HAY 007855 2025-05-01 c.1 2017-09-06 Books
    Dewey Decimal Classification     GRACE BIBLE COLLEGE GRACE BIBLE COLLEGE Ministry & Mission 2018-04-03   268.432 HAY 007857 2025-05-01 c.2 2018-04-03 Books
    Dewey Decimal Classification     GRACE BIBLE COLLEGE GRACE BIBLE COLLEGE Ministry & Mission 2018-04-04   268.432 HAY 007862 2025-05-01 c.3 2018-04-04 Books
    Dewey Decimal Classification     GRACE BIBLE COLLEGE GRACE BIBLE COLLEGE Ministry & Mission 2018-04-04   268.432 HAY 007863 2025-05-01 c.4 2018-04-04 Books
    Dewey Decimal Classification     GRACE BIBLE COLLEGE GRACE BIBLE COLLEGE Ministry & Mission 2018-04-04   268.432 HAY 007865 2025-05-01 c.5 2018-04-04 Books
    Dewey Decimal Classification     GRACE BIBLE COLLEGE GRACE BIBLE COLLEGE Ministry & Mission 2018-04-04   268.432 HAY 007867 2025-05-01 c.6 2018-04-04 Books
    Dewey Decimal Classification     GRACE BIBLE COLLEGE GRACE BIBLE COLLEGE Ministry & Mission 2018-04-05   268.432 HAY 007875 2025-05-01 c.7 2018-04-05 Books
    Dewey Decimal Classification     GRACE BIBLE COLLEGE GRACE BIBLE COLLEGE Ministry & Mission 2018-04-05   268.432 HAY 007876 2025-05-01 c.8 2018-04-05 Books
© Grace Bible College Library 2025